[Event "Wch U12"]
[Site "Durban"]
[Date "2014.09.22"]
[Round "4"]
[White "Ram, Aravind LN"]
[Black "Acar, Utku Cengiz"]
[Result "1-0"]
[WhiteElo "2085"]
[BlackElo "1815"]
[PlyCount "91"]
[EventDate "2014.09.20"]
[EventType "swiss"]
[EventRounds "11"]
[EventCountry "RSA"]
[SourceTitle "CBM 162 Extra"]
[Source "ChessBase"]
[SourceDate "2014.10.17"]
[SourceVersion "1"]
[SourceVersionDate "2014.10.17"]
[SourceQuality "1"]

1. e4 d5 2. exd5 Nf6 3. Nf3 Nxd5 4. d4 g6 5. Be2 Bg7 6. 0-0 0-0 7. c4 Nb6 8. Be3 Nc6 9. h3 e5 10. d5 Ne7 11. Qb3 Nf5 12. Bg5 f6 13. Be3 e4 14. Nd4 Nxe3 15. Qxe3 f5 16. Nc3 Qe7 17. Rad1 Bd7 18. c5 f4 19. Qxe4 Qxe4 20. Nxe4 Nxd5 21. Bc4 c6 22. Nc3 Kh8 23. Nxd5 cxd5 24. Bxd5 Rad8 25. Bxb7 Ba4 26. Nb3 Bxb2 27. Rxd8 Rxd8 28. c6 Be5 29. Nc5 Bb5 30. Re1 Bd6 31. Rd1 Bc7 32. Rxd8+ Bxd8 33. Ne6 Bxc6 34. Bxc6 Be7 35. Nxf4 Kg7 36. Nd5 Bc5 37. Kf1 h5 38. Ke2 Kf7 39. Nf4 Kf6 40. Nd3 Bd6 41. f4 Kf5 42. Kf3 a5 43. g4+ hxg4+ 44. hxg4+ Kf6 45. Be4 a4 46. Ne5 1-0

[Event "Wch U12"]
[Site "Durban"]
[Date "2014.09.21"]
[Round "2"]
[White "Saurabh, Anand"]
[Black "Acar, Utku Cengiz"]
[Result "0-1"]
[WhiteElo "2029"]
[BlackElo "1815"]
[PlyCount "68"]
[EventDate "2014.09.20"]
[EventType "swiss"]
[EventRounds "11"]
[EventCountry "RSA"]
[SourceTitle "CBM 162 Extra"]
[Source "ChessBase"]
[SourceDate "2014.10.17"]
[SourceVersion "1"]
[SourceVersionDate "2014.10.17"]
[SourceQuality "1"]

1. e4 c5 2. Nf3 e6 3. d4 cxd4 4. Nxd4 Nf6 5. Nc3 Nc6 6. Ndb5 d6 7. Bf4 e5 8. Bg5 a6 9. Na3 Be6 10. Nc4 Rc8 11. Nd5 Bxd5 12. exd5 Ne7 13. Qf3 b5 14. Bxf6 bxc4 15. Bxe7 Bxe7 16. Qa3 0-0 17. Qxa6 Qd7 18. Qa5 Qg4 19. Qc3 Qe4+ 20. Be2 Qxg2 21. Bf3 Qg5 22. h4 Qf5 23. 0-0-0 e4 24. Rhe1 Bf6 25. Bxe4 Qd7 26. Qf3 Ra8 27. Qf5 Qxf5 28. Bxf5 Rxa2 29. c3 Rb8 30. Re4 g6 31. Bg4 Rbxb2 32. Rxc4 Rc2+ 33. Kb1 Rcb2+ 34. Kc1 Bxh4 0-1

[Event "TUR-chT"]
[Site "Kocaeli"]
[Date "2014.08.29"]
[Round "13.5"]
[White "Saribas, Nizamettin"]
[Black "Acar, Utku Cengiz"]
[Result "0-1"]
[WhiteElo "1431"]
[BlackElo "1815"]
[PlyCount "88"]
[EventDate "2014.08.18"]
[EventType "team-tourn"]
[EventRounds "13"]
[EventCountry "TUR"]
[SourceTitle "CBM 162 Extra"]
[Source "ChessBase"]
[SourceDate "2014.10.17"]
[SourceVersion "1"]
[SourceVersionDate "2014.10.17"]
[SourceQuality "1"]
[WhiteTeam "Denizsu Aquamatch"]
[BlackTeam "Akdeniz Belediyesi"]
[WhiteTeamCountry "TUR"]
[BlackTeamCountry "TUR"]

1. e4 c5 2. Nf3 e6 3. d4 cxd4 4. Nxd4 Nf6 5. Nc3 Nc6 6. g3 d5 7. Bg2 Bb4 8. Qd3 0-0 9. exd5 Ne5 10. Qe2 Nxd5 11. Bd2 Nc6 12. Nxc6 bxc6 13. Ne4 a5 14. a3 Ba6 15. Qf3 Bxd2+ 16. Nxd2 a4 17. Bf1 Qb8 18. Rb1 Bxf1 19. Kxf1 Qb5+ 20. Kg2 Qc5 21. Qd3 Rfb8 22. Qc4 Qxc4 23. Nxc4 f6 24. Rhe1 e5 25. Ne3 Kf7 26. Kf3 Ra7 27. Nc4 Ke6 28. Red1 Rab7 29. Rd2 Rb5 30. Kg2 Rc5 31. Ne3 Nc3 32. Re1 Rxb2 33. f4 Nd5 34. fxe5 fxe5 35. Ng4 Nf6 36. Ne3 Ra2 37. Rd3 Nd5 38. Ng4 Raxc2+ 39. Kh3 Nf6 40. Ne3 Ra2 41. Red1 Nd5 42. Ng4 h5 43. Ne3 e4 44. Rd4 Nxe3 0-1

[Event "TUR-chT"]
[Site "Kocaeli"]
[Date "2014.08.27"]
[Round "11.4"]
[White "Dedebas, Emre Emin"]
[Black "Acar, Utku Cengiz"]
[Result "1/2-1/2"]
[WhiteElo "1868"]
[BlackElo "1815"]
[PlyCount "82"]
[EventDate "2014.08.18"]
[EventType "team-tourn"]
[EventRounds "13"]
[EventCountry "TUR"]
[SourceTitle "CBM 162 Extra"]
[Source "ChessBase"]
[SourceDate "2014.10.17"]
[SourceVersion "1"]
[SourceVersionDate "2014.10.17"]
[SourceQuality "1"]
[WhiteTeam "TS Alyans"]
[BlackTeam "Akdeniz Belediyesi"]
[WhiteTeamCountry "TUR"]
[BlackTeamCountry "TUR"]

1. d4 Nf6 2. Nf3 g6 3. c4 Bg7 4. Nc3 0-0 5. e4 d6 6. Be2 e5 7. 0-0 Nc6 8. d5 Ne7 9. b4 Nh5 10. Re1 Nf4 11. Bf1 a5 12. bxa5 Rxa5 13. Bd2 c5 14. dxc6 bxc6 15. Ne2 Nxe2+ 16. Qxe2 Ra4 17. Qd1 Ra7 18. c5 d5 19. Bc3 d4 20. Bd2 Qc7 21. Bc4 Kh8 22. a4 f5 23. Ng5 Ng8 24. Qb3 Nf6 25. exf5 gxf5 26. Qb6 e4 27. Qxc7 Rxc7 28. Bf4 Ra7 29. Bd6 d3 30. Bxf8 Bxf8 31. Nf7+ Kg7 32. Ne5 Bxc5 33. Nxd3 exd3 34. Bxd3 Bd4 35. Ra2 c5 36. h3 Nd5 37. Ra3 Kf6 38. Re8 Be6 39. Bc4 Rb7 40. Rb3 Ra7 41. Rb6 Ke5 1/2-1/2